000 00368nam a22001457a 4500
003 macl
005 20190811163436.0
008 190811b xxu||||| |||| 00| 0 eng d
040 _cmacl
100 _aMesquita, Roque
_976226
245 _aStudies on Madhva's Visnutattvanirnaya
260 _aDelhi
_bAditya Pra
_c2016
650 _aReligion
_976227
942 _2ddc
_cBK
999 _c60729
_d60729